Algoritmizácia automatických manipulačných procesov bezobslužného sústružného automatu SPU 12 BOS : Diplomová práca

Salvato in:
Dettagli Bibliografici
Autore principale: Pavlík, Juraj (Autore)
Altri autori: Ivánka, Peter (xxx)
Natura: Manoscritto Libro
Pubblicazione: Trnava : SVŠT v Bratislave StF KMARTP, 1989
Soggetti:
Tags: Aggiungi Tag
Nessun Tag, puoi essere il primo ad aggiungerne!!

MARC

LEADER 00000ntm a22000003a 4500
001 stu75578
005 20160719162712.3
008 020506s1989----cs----------------------d
040 |a STU  |b slo 
041 0
044 |a cs 
100 1 |a Pavlík, Juraj  |4 aut 
245 1 |a Algoritmizácia automatických manipulačných procesov bezobslužného sústružného automatu SPU 12 BOS :  |b Diplomová práca 
260 |a Trnava :  |b SVŠT v Bratislave StF KMARTP,  |c 1989 
300 |a 76 s  |c abstr. + príl. 
650 7 |a stroje sústružnícke  |2 stusub 
650 7 |a Systémy manipulačné  |2 stusub 
650 7 |a technológie strojárske  |2 stusub 
700 1 |a Ivánka, Peter  |4 xxx 
996 |b 284M040880  |c M*DP-1600  |l MMSKP  |s P  |a 0  |w stu75578_0001